Get the Picture: New York or London Song Titles Quiz Stats

 Plays Quiz Updated Mar 5, 2019

Score 0/14 Timer 02:00
0 Plays Today
Question Answer Wrong Answers
______ Bridge
Fergie, 2006
London
96.1%
New York
1.7%
_____ State of Mind
Billy Joel, 1976
New York
95%
London
2.8%
Theme from _____, _____
Frank Sinatra, 1980
New York
94.8%
London
3.2%
_____ Calling
The Clash, 1979
London
93.1%
New York
4.5%
South _____ Forever
Florence and the Machine, 2018
London
87.9%
New York
9.9%
Werewolves of _____
Warren Zevon, 1978
London
87.2%
New York
10.2%
_____ Minute
Don Henley, 1990
New York
87.2%
London
10.4%
Welcome to _____
Taylor Swift, 2014
New York
86.1%
London
11.7%
Safe in _____ City
AC/DC, 2000
New York
84.6%
London
13.2%
Autumn in _____
Billie Holiday, 1954
New York
82.8%
London
15.1%
Cemeteries of _____
Coldplay, 2008
London
79%
New York
18.3%
Englishman in _____
Sting, 1987
New York
76.1%
London
21.8%
Postcard from _____
Ray Davies & Chrissie Hynde, 2009
London
60.2%
New York
37.8%
_____ Beckoned Songs About Money Written by Machines
Panic! at the Disco, 2005
London
52.7%
New York
44.8%

Today's Daily Dose

Word Ladder
Lean on Me

Get the Picture
Superhero by Villain

You're not logged in!

Compare scores with friends on all Sporcle quizzes.
OR
Log In

Sporcle TV

Today on Sporcle TV


Watch our educational content, quiz creation guides, and fun videos on Sporcle TV.

Show Comments

Extras

Top Quizzes Today


Score Distribution

Your Account Isn't Verified!

In order to create a playlist on Sporcle, you need to verify the email address you used during registration. Go to your Sporcle Settings to finish the process.

Report this User

Report this user for behavior that violates our Community Guidelines.

Details: